| 000 | 00619nam a22001937a 4500 | ||
|---|---|---|---|
| 005 | 2010080609519.0 | ||
| 010 | _aENG-98605 | ||
| 020 | _c70.00 | ||
| 035 | _aEN-82138 | ||
| 037 | _bDBAD/PUB | ||
| 082 | _a485 | ||
| 100 |
_aRaju, S. _98778 |
||
| 245 |
_aEnglish grammar : _bwith supplementary exercises / _cby S. Raju |
||
| 260 |
_aDharmapuri _bAkshay Publications _c2008 |
||
| 270 |
_a27, Sundaram Street, _bDharmapuri _e636701 |
||
| 300 |
_a184p. _c22cm (pbk) |
||
| 942 |
_2ddc _cEN _h485 _mRAJ |
||
| 999 |
_c39664 _d39664 |
||